| 000 | 01084cam a2200325 i 4500 | ||
|---|---|---|---|
| 001 | 64539 | ||
| 003 | Mx-PuUPA | ||
| 005 | 20220801124455.0 | ||
| 008 | 160321s2013 sp gr 000 0 spa d | ||
| 020 |
_a9788426719935 _qpor Marcombo |
||
| 020 |
_a9786077076780 _qpor Alfaomega |
||
| 040 |
_aMx-PuUPA _cMx-PuUPA _erda _bspa _dMx-PuUPA |
||
| 041 | 0 | _aspa | |
| 110 | 2 | _aMEDIAactive | |
| 245 | 1 | 0 |
_aManual de fotografía digital / _cMEDIAactive |
| 250 | _aPrimera edición | ||
| 264 | 1 |
_a[México D.F.] : _bAlfaomega, _c2013 |
|
| 264 | 1 |
_a[Barcelona] : _aMarcombo, _b2013 |
|
| 300 |
_a268 páginas : _bilustraciones (a color) ; _c26 cm |
||
| 336 |
_atexto _btxt _2rdacontent |
||
| 337 |
_2rdamedia _asin medio _bn |
||
| 338 |
_2rdacarrier _avolumen _bnc |
||
| 490 | 0 | _aManuales con ejercicios prácticos | |
| 650 | 7 |
_2armarc _aFotografía _xTécnicas digitales |
|
| 650 | 7 |
_2armarc _aFotografía _xEquipo electrónico |
|
| 650 | 7 |
_2armarc _aFotografía _vManuales para aficionados |
|
| 942 |
_2ddc _cLI _h770 _iM266 |
||
| 999 |
_c64539 _d64539 |
||